The buzz on bees : (Record no. 6363)

MARC details
000 -LEADER
fixed length control field 01327cam a2200361 a 4500
001 - CONTROL NUMBER
control field 6363
003 - CONTROL NUMBER IDENTIFIER
control field FISKH
005 - DATE AND TIME OF LATEST TRANSACTION
control field 20250828145525.0
008 - FIXED-LENGTH DATA ELEMENTS--GENERAL INFORMATION
fixed length control field 090702s2010 nyua j b 000 0 eng
010 ## - LIBRARY OF CONGRESS CONTROL NUMBER
LC control number 2009024208
020 ## - INTERNATIONAL STANDARD BOOK NUMBER
International Standard Book Number 9780823422470
020 ## - INTERNATIONAL STANDARD BOOK NUMBER
International Standard Book Number 9780545477574
020 ## - INTERNATIONAL STANDARD BOOK NUMBER
International Standard Book Number 082342247X
040 ## - CATALOGING SOURCE
Original cataloging agency DLC
Transcribing agency DLC
Modifying agency DLC
Language of cataloging eng
050 ## - LIBRARY OF CONGRESS CALL NUMBER
Classification number SF538.C65 R68
082 ## - DEWEY DECIMAL CLASSIFICATION NUMBER
Classification number 638.1
100 1# - MAIN ENTRY--PERSONAL NAME
Personal name Rotner, Shelley.
245 14 - TITLE STATEMENT
Title The buzz on bees :
Remainder of title why are they disappearing? /
Statement of responsibility, etc. by Shelley Rotner & Anne Woodhull ; photographs by Shelley Rotner.
260 ## - PUBLICATION, DISTRIBUTION, ETC.
Place of publication, distribution, etc. New York :
Name of publisher, distributor, etc. Scholastic,
Date of publication, distribution, etc. 2010.
300 ## - PHYSICAL DESCRIPTION
Extent 32 unnumbered pages :
Other physical details color illustrations ;
Dimensions 22 x 26 cm.
504 ## - BIBLIOGRAPHY, ETC. NOTE
Bibliography, etc. note Includes bibliographical references.
520 ## - SUMMARY, ETC.
Summary, etc. Honeybees, which pollinate many types of plants, are disappearing. Learn the possible explanations for bees' disappearance, what scientists are doing to address the problem, and what you can do.
521 1# - TARGET AUDIENCE NOTE
Target audience note 005-008.
650 #0 - SUBJECT ADDED ENTRY--TOPICAL TERM
Topical term or geographic name entry element Colony collapse disorder of honeybees
Form subdivision Juvenile literature.
650 #0 - SUBJECT ADDED ENTRY--TOPICAL TERM
Topical term or geographic name entry element Honeybee
Form subdivision Juvenile literature.
650 #1 - SUBJECT ADDED ENTRY--TOPICAL TERM
Topical term or geographic name entry element Colony collapse disorder of honeybees.
650 #1 - SUBJECT ADDED ENTRY--TOPICAL TERM
Topical term or geographic name entry element Honeybee.
650 #1 - SUBJECT ADDED ENTRY--TOPICAL TERM
Topical term or geographic name entry element Bees.
700 1# - ADDED ENTRY--PERSONAL NAME
Personal name Woodhull, Anne Love.
Relator term Author
906 ## - LOCAL DATA ELEMENT F, LDF (RLIN)
a 7
b cbc
c orignew
d 1
e ecip
f 20
g y-gencatlg
942 ## - ADDED ENTRY ELEMENTS (KOHA)
Source of classification or shelving scheme Dewey Decimal Classification
Koha item type Books
Suppress in OPAC No
Holdings
Withdrawn status Lost status Source of classification or shelving scheme Damaged status Not for loan Collection Home library Current library Shelving location Date acquired Total Checkouts Full call number Barcode Date last seen Price effective from Koha item type Copy number
    Dewey Decimal Classification     Non-Fiction Footprints International School Library Network Toul Kork Campus Footprints International School Library Network Toul Kork Campus A TK Campus, 4th Floor, Room B401, Non-Fiction Bookcases(7-8) 04/24/2025   ROT 638.1 SF538.C65 R68 FISTK04984 04/24/2025 04/24/2025 Books  
    Dewey Decimal Classification     Non-Fiction Footprints International School Library Network Toul Tom Poung Campus Footprints International School Library Network Toul Tom Poung Campus TTP Secondary Non-Fiction Bookshelves 06/12/2025   ROT 638.1 SF538.C65 R68 FISTK05594 06/12/2025 06/12/2025 Books 2
    Dewey Decimal Classification     Non-Fiction Footprints International School Library Network Toul Tom Poung Campus Footprints International School Library Network Toul Tom Poung Campus TTP Secondary Non-Fiction Bookshelves 08/28/2025   ROT 638.1 SF538.C65 R68 FISSE01323 08/28/2025 08/28/2025 Books 3